Loading...
| Literature - American Literature | 0 | 8 | 0 | 1 | 80 | 31 | 115.38 | 1 | 1 |
| Literature - European Literature | 0 | 7 | 1 | 1 | 65 | 125 | 144.43 | 0 | 0 |
| Science - Chemistry | 0 | 7 | 3 | 0 | 55 | 75 | 89.57 | 2 | 4 |
| Science - Physics | 0 | 5 | 0 | 2 | 50 | 97 | 121.40 | 0 | 0 |
| Literature - British Literature | 0 | 6 | 3 | 1 | 45 | 92 | 130.00 | 0 | 1 |
| Science - Other Science | 0 | 4 | 0 | 2 | 40 | 114 | 126.00 | 0 | 0 |
| Science - Biology | 0 | 5 | 5 | 0 | 25 | 70 | 107.60 | 0 | 0 |
| Philosophy | 0 | 2 | 0 | 0 | 20 | 63 | 90.50 | 0 | 0 |
| History - American History | 0 | 2 | 0 | 0 | 20 | 119 | 121.50 | 0 | 0 |
| Mythology | 0 | 2 | 0 | 0 | 20 | 140 | 140.00 | 0 | 0 |
| Fine Arts - Other Fine Arts | 0 | 1 | 0 | 1 | 10 | 139 | 139.00 | 0 | 0 |
| History - World History | 0 | 1 | 0 | 0 | 10 | 125 | 125.00 | 0 | 0 |
| History - Other History | 0 | 1 | 0 | 0 | 10 | 122 | 122.00 | 0 | 0 |
| Religion | 0 | 1 | 0 | 0 | 10 | 131 | 131.00 | 0 | 0 |
| Social Science | 0 | 1 | 1 | 0 | 5 | 129 | 129.00 | 0 | 0 |
| Literature - World Literature | 0 | 1 | 1 | 0 | 5 | 125 | 125.00 | 0 | 0 |
| Fine Arts - Painting & Sculpture | 0 | 0 | 0 | 0 | 0 | 0.00 | 0 | 0 |